Dwight Eisenhower or Dwight K. Schrute - Statistics

General Stats
  • This quiz has been taken 143 times
  • The average score is 7 of 10
Answer Stats
Question Answer % Correct
Wife was named Mamie. Dwight Eisenhower
89%
Middle name was Kurt. Dwight Schrute
87%
Was a volunteer sheriff's deputy. Dwight Schrute
84%
Had an Amish background. Dwight Schrute
72%
Had a black belt in Karate. Dwight Schrute
71%
Was of German ancestry. Both
70%
Grandfather was a Nazi sympathizer. Dwight Schrute
59%
Had six brothers Dwight Eisenhower
54%
Attended Harvard. Neither
44%
Lived on a farm in Pennsylvania. Both
30%
No matching quizzes found
Score Distribution
Percent of People with Each Score
Percentile by Number Answered
Your Score History
You have not taken this quiz